000 00303 a2200157 4500
001 158092
020 _a
040 _cMagnum
100 _a-
240 1 0 _aAlmanaque abril 1995
_lpor
245 1 0 _aAlmanaque abril 1995
362 0 _a1899
440 1 _aAbril
697 _aPERIODICOS
942 _cBK
999 _c158092
_d158092